[Event "XX Festival Conca della Presolana A"]
[Site "Bratto - Castione della Presolana ITA"]
[Date "2000.08.25"]
[Round "1"]
[White "Skembris, Spyridon"]
[Black "Battaggia, Piergiorgio"]
[Result "1-0"]
[WhiteElo "2475"]
[BlackElo "2118"]
[PlyCount "25"]
[EventDate "2000.08.25"]

1.d4 Nf6 2.c4 e6 3.Nf3 d5 4.Nc3 Be7 5.Bg5 h6 6.Bh4 Ne4 7.Bxe7 Qxe7 8.Qc2 
Nxc3 9.Qxc3 O-O 10.g3 Nd7 11.cxd5 exd5 12.Qxc7 b6 13.e3 1-0

[Event "XX Festival Conca della Presolana A"]
[Site "Bratto - Castione della Presolana ITA"]
[Date "2000.08.25"]
[Round "1"]
[White "Solinas, Carlo"]
[Black "Menoni, Vincenzo"]
[Result "0-1"]
[WhiteElo "2058"]
[BlackElo "2240"]
[PlyCount "132"]
[EventDate "2000.08.25"]

1.e4 e6 2.d4 d5 3.Nc3 Bb4 4.e5 c5 5.a3 Bxc3+ 6.bxc3 Ne7 7.h4 Nbc6 8.h5 h6 
9.Qg4 Qa5 10.Bd2 Bd7 11.Qxg7 O-O-O 12.Qf6 cxd4 13.Bd3 dxc3 14.Bxh6 Nxe5 
15.Qxe5 Rxh6 16.Ne2 Rdh8 17.g4 Nc6 18.Qxc3 Qxc3+ 19.Nxc3 Ne5 20.Be2 Rg8 
21.g5 Rhh8 22.O-O-O Bc6 23.Rh3 Nd7 24.f4 Nb6 25.Rg1 d4 26.Nb5 Bxb5 27.Bxb5
a6 28.Bd3 Nd5 29.Rh4 Ne7 30.h6 Kc7 31.Kd2 Kd6 32.f5 exf5 33.Rxd4+ Kc7 34.
Rc4+ Kd6 35.Rh4 f6 36.Rd4+ Kc7 37.Bc4 Rxg5 38.Re1 Nc6 39.Rh4 Ne5 40.Kc3 
Rg4 41.Rxg4 fxg4 42.Rh1 Nxc4 43.Kxc4 Kd6 44.Kd4 Ke6 45.Ke4 g3 46.Kf3 Kf5 
47.Kxg3 Kg6 48.c4 Rxh6 49.Rb1 Rh7 50.Kg4 f5+ 51.Kf4 Rh4+ 52.Ke5 Rxc4 53.
Rb6+ Kg5 54.Rxb7 Re4+ 55.Kd5 Ra4 56.Rg7+ Kf4 57.Rg1 Rxa3 58.Rf1+ Ke3 59.
Re1+ Kf2 60.Rb1 f4 61.Ke4 f3 62.Rb2+ Kg1 63.Rb6 f2 64.Rg6+ Kf1 65.Kf4 Ke1 
66.Re6+ Kd1 0-1

[Event "XX Festival Conca della Presolana A"]
[Site "Bratto - Castione della Presolana ITA"]
[Date "2000.08.25"]
[Round "1"]
[White "Trabert, Bettina"]
[Black "Mascheroni, Maurizio"]
[Result "1-0"]
[WhiteElo "2259"]
[BlackElo "2059"]
[PlyCount "67"]
[EventDate "2000.08.25"]

1.e4 d6 2.d4 Nf6 3.Bd3 e5 4.c3 g6 5.Nf3 Bg4 6.Nbd2 Bg7 7.h3 Bxf3 8.Nxf3 
Nbd7 9.O-O O-O 10.Re1 Re8 11.Qb3 Rb8 12.a4 c6 13.Bc4 Rf8 14.dxe5 dxe5 15.
Qc2 h6 16.Be3 b6 17.b4 Qc7 18.Red1 c5 19.b5 Rbd8 20.Rd2 Nh5 21.Rad1 Nb8 
22.Qa2 Rxd2 23.Qxd2 Kh7 24.Nh2 Nf6 25.f3 Qd7 26.Qxd7 Nbxd7 27.g4 g5 28.Nf1
Kg8 29.Ng3 Re8 30.Nf5 Bf8 31.h4 gxh4 32.Bxh6 Nb8 33.g5 Nh5 34.g6 1-0

[Event "XX Festival Conca della Presolana A"]
[Site "Bratto - Castione della Presolana ITA"]
[Date "2000.08.25"]
[Round "1"]
[White "Vancini, Edoardo"]
[Black "Lovati, Paolo"]
[Result "1-0"]
[WhiteElo "2301"]
[BlackElo "2084"]
[PlyCount "47"]
[EventDate "2000.08.25"]

1.e4 d6 2.d4 Nf6 3.Nc3 c6 4.Nf3 Bg4 5.Be2 e6 6.O-O d5 7.e5 Nfd7 8.Ng5 Bxe2
9.Qxe2 Be7 10.Qh5 Bxg5 11.Bxg5 Qb6 12.Ne2 O-O 13.f4 Na6 14.f5 exf5 15.Rxf5
f6 16.exf6 g6 17.Qh6 Rf7 18.Rf3 Qxb2 19.Rc1 Qb5 20.Nf4 Nf8 21.Re1 Qb4 22.
c3 Qd6 23.Re7 Rxe7 24.fxe7 1-0

[Event "XX Festival Conca della Presolana A"]
[Site "Bratto - Castione della Presolana ITA"]
[Date "2000.08.25"]
[Round "1"]
[White "Vita, Fabrizio"]
[Black "Mantovani, Renzo"]
[Result "0-1"]
[WhiteElo "2102"]
[BlackElo "2410"]
[PlyCount "66"]
[EventDate "2000.08.25"]

1.Nf3 c5 2.g3 Nf6 3.Bg2 g6 4.c4 Bg7 5.Nc3 Nc6 6.d4 cxd4 7.Nxd4 Nxd4 8.Qxd4
O-O 9.O-O d6 10.Qd3 a6 11.Be3 Qa5 12.Rac1 Qh5 13.h4 Bg4 14.b3 Rab8 15.Bb6 
Nd7 16.Ba7 Rbc8 17.Bd4 b5 18.Bxg7 Kxg7 19.cxb5 axb5 20.f3 Be6 21.Nxb5 Kg8 
22.Nd4 Qe5 23.f4 Qa5 24.Nc6 Qb6+ 25.e3 Rce8 26.Rc3 Nc5 27.Qd4 Bd7 28.Qb4 
Qa6 29.Qa5 Qe2 30.Nd4 Qd2 31.Rfc1 Nd3 32.R1c2 Qxe3+ 33.Kh2 Qxd4 0-1

[Event "XX Festival Conca della Presolana A"]
[Site "Bratto - Castione della Presolana ITA"]
[Date "2000.08.25"]
[Round "1"]
[White "Voltolini, Giuseppe"]
[Black "Capece, Adolivio"]
[Result "1-0"]
[WhiteElo "2279"]
[BlackElo "2065"]
[PlyCount "75"]
[EventDate "2000.08.25"]

1.d4 Nf6 2.c4 c5 3.d5 b5 4.cxb5 e6 5.dxe6 fxe6 6.Nf3 d5 7.e3 Bd6 8.Nc3 O-O
9.g3 Nbd7 10.Bg2 Ne5 11.O-O Nxf3+ 12.Bxf3 Bb7 13.Bg2 Qe7 14.Qd3 Rad8 15.e4
d4 16.Na4 e5 17.Bg5 Bc8 18.b3 Bd7 19.Nb2 h6 20.Bxf6 Rxf6 21.a4 Rdf8 22.
Rac1 Qf7 23.Nc4 Bc7 24.Qc2 Kh8 25.Nb2 Bd6 26.Nd3 Bg4 27.f4 Qh5 28.fxe5 
Rxf1+ 29.Rxf1 Rxf1+ 30.Bxf1 Be7 31.Nf4 Qg5 32.Qc4 Kh7 33.Qf7 h5 34.Bc4 
Qxe5 35.Qg6+ Kh8 36.Qe8+ Kh7 37.Bg8+ Kh8 38.Ng6# 1-0

[Event "XX Festival Conca della Presolana A"]
[Site "Bratto - Castione della Presolana ITA"]
[Date "2000.08.25"]
[Round "1"]
[White "Zichichi, Alvise"]
[Black "Berni, Fabrizio"]
[Result "1/2-1/2"]
[WhiteElo "2325"]
[BlackElo "2090"]
[PlyCount "47"]
[EventDate "2000.08.25"]

1.d4 Nf6 2.Bg5 g6 3.Bxf6 exf6 4.e3 Bg7 5.c4 d6 6.Nc3 Nd7 7.Qf3 f5 8.Nge2 
O-O 9.h4 Nf6 10.h5 c6 11.Nf4 Bd7 12.Bd3 Re8 13.O-O-O a6 14.hxg6 hxg6 15.
Qg3 b5 16.Nxg6 fxg6 17.Qxg6 bxc4 18.Bxf5 d5 19.Rh4 Bxf5 20.Qxf5 Rb8 21.
Rdh1 Kf7 22.Rg4 Rg8 23.Rh7 Qe7 24.Qg6+ 1/2-1/2

[Event "XX Festival Conca della Presolana A"]
[Site "Bratto - Castione della Presolana ITA"]
[Date "2000.08.26"]
[Round "2"]
[White "Aglietti, Graziano"]
[Black "Inkiov, Ventzislav V."]
[Result "0-1"]
[WhiteElo "2062"]
[BlackElo "2416"]
[PlyCount "44"]
[EventDate "2000.08.25"]

1.e4 c5 2.c3 d5 3.exd5 Qxd5 4.d4 e6 5.Nf3 Nf6 6.Be2 Nc6 7.O-O Be7 8.Be3 
cxd4 9.cxd4 O-O 10.Nc3 Qd6 11.Qb1 b6 12.Ne4 Nxe4 13.Qxe4 Bb7 14.Qg4 Rfd8 
15.Rfd1 Qd5 16.Bd3 Nb4 17.Bb1 Rac8 18.Bh6 Bf6 19.Bg5 Bxg5 20.Nxg5 Nc2 21.
Nxh7 Kxh7 22.Rd2 Qe4 0-1

[Event "XX Festival Conca della Presolana A"]
[Site "Bratto - Castione della Presolana ITA"]
[Date "2000.08.26"]
[Round "2"]
[White "Basciu, Simone"]
[Black "Lanzani, Mario"]
[Result "1/2-1/2"]
[WhiteElo "2147"]
[BlackElo "2419"]
[PlyCount "31"]
[EventDate "2000.08.25"]

1.d4 Nf6 2.Nf3 c5 3.c4 cxd4 4.Nxd4 e5 5.Nb5 Bc5 6.Nd6+ Ke7 7.Nxc8+ Qxc8 8.
e3 Rd8 9.Nc3 d6 10.Be2 e4 11.O-O Nc6 12.Nd5+ Nxd5 13.Qxd5 Qe6 14.Rd1 Qxd5 
15.Rxd5 g6 16.a3 1/2-1/2

[Event "XX Festival Conca della Presolana A"]
[Site "Bratto - Castione della Presolana ITA"]
[Date "2000.08.26"]
[Round "2"]
[White "Battaggia, Piergiorgio"]
[Black "Mascheroni, Maurizio"]
[Result "1/2-1/2"]
[WhiteElo "2118"]
[BlackElo "2059"]
[PlyCount "30"]
[EventDate "2000.08.25"]

1.d4 Nf6 2.c4 e6 3.Nf3 b6 4.a3 Bb7 5.Nc3 Be7 6.Qc2 d5 7.cxd5 exd5 8.g3 O-O
9.Bg2 Nbd7 10.O-O Re8 11.Bf4 a6 12.Ne5 Bd6 13.Nd3 Bxf4 14.Nxf4 Nf8 15.Qb3 
Ne4 1/2-1/2

[Event "XX Festival Conca della Presolana A"]
[Site "Bratto - Castione della Presolana ITA"]
[Date "2000.08.26"]
[Round "2"]
[White "Belotti, Bruno"]
[Black "Drabke, Lorenz Maximilian"]
[Result "1/2-1/2"]
[WhiteElo "2417"]
[BlackElo "2144"]
[PlyCount "39"]
[EventDate "2000.08.25"]

1.e4 c5 2.Nf3 e6 3.d3 Nc6 4.g3 d5 5.Qe2 Nge7 6.h4 e5 7.c3 Bg4 8.Bh3 Bxh3 
9.Rxh3 Qd7 10.Rh1 f6 11.Kf1 Rd8 12.Kg2 Nc8 13.Na3 Be7 14.h5 O-O 15.Nh4 
Rfe8 16.Nf5 Bf8 17.Nc2 N8e7 18.Nxe7+ Nxe7 19.c4 d4 20.Bd2 1/2-1/2

[Event "XX Festival Conca della Presolana A"]
[Site "Bratto - Castione della Presolana ITA"]
[Date "2000.08.26"]
[Round "2"]
[White "Berni, Fabrizio"]
[Black "Marzano, Carlo"]
[Result "1/2-1/2"]
[WhiteElo "2090"]
[BlackElo "2236"]
[PlyCount "96"]
[EventDate "2000.08.25"]

1.e4 e6 2.d4 d5 3.exd5 exd5 4.Bd3 Nc6 5.c3 Bd6 6.Nf3 Bg4 7.Be3 Nge7 8.h3 
Bf5 9.O-O Qd7 10.Bxf5 Nxf5 11.Qd2 f6 12.Bf4 Bxf4 13.Qxf4 O-O-O 14.Nbd2 g5 
15.Qh2 h5 16.Ne1 Rdg8 17.g3 Re8 18.Ng2 Re2 19.Rad1 h4 20.g4 Nd6 21.Rfe1 
Rxe1+ 22.Nxe1 f5 23.f3 Re8 24.Nc2 Re7 25.Re1 Rxe1+ 26.Nxe1 Qe6 27.Qf2 Ne7 
28.Nd3 Ng6 29.Nf1 b6 30.Qe3 Qf6 31.b3 Kb7 32.Nd2 Nb5 33.Nb1 Nd6 34.Nd2 Nb5
35.Nb1 a6 36.a4 Nd6 37.Nd2 Nf7 38.a5 Qd6 39.Nf1 Qe7 40.axb6 Qxe3+ 41.Nxe3 
fxg4 42.Nc5+ Kxb6 43.Nxd5+ Kc6 44.Nb4+ Kb6 45.fxg4 Nf4 46.Kh2 a5 47.Nbd3 
Nxd3 48.Nxd3 Nd6 1/2-1/2

[Event "XX Festival Conca della Presolana A"]
[Site "Bratto - Castione della Presolana ITA"]
[Date "2000.08.26"]
[Round "2"]
[White "Berni, Giorgio"]
[Black "Di Fonzo, Valerio"]
[Result "1/2-1/2"]
[WhiteElo "1905"]
[BlackElo "2217"]
[PlyCount "96"]
[EventDate "2000.08.25"]

1.e4 e5 2.Nf3 Nc6 3.Bb5 Nf6 4.O-O Nxe4 5.d4 a6 6.Bd3 d5 7.dxe5 Bg4 8.Bxe4 
dxe4 9.Qxd8+ Rxd8 10.Ng5 Nd4 11.Nc3 Nxc2 12.Rb1 Bf5 13.Ngxe4 Nb4 14.Ra1 
Nd3 15.Bg5 Be7 16.Bxe7 Kxe7 17.f4 b5 18.Ng3 Bc8 19.b3 h5 20.Rad1 h4 21.
Nge2 Bg4 22.Rd2 Nb4 23.Rfd1 Bxe2 24.Nxe2 Rxd2 25.Rxd2 Rd8 26.Nd4 Ke8 27.a3
Nc6 28.Nf3 Rxd2 29.Nxd2 Nd4 30.Kf2 a5 31.a4 bxa4 32.bxa4 Ne6 33.Ke3 Nc5 
34.Nc4 Nxa4 35.Nxa5 Nc3 36.f5 Nd5+ 37.Ke4 Ne7 38.e6 fxe6 39.fxe6 Ng8 40.
Nc6 Nf6+ 41.Kf5 Nd5 42.Kg5 Ne3 43.Kxh4 Nxg2+ 44.Kg5 Kf8 45.Kf5 Nh4+ 46.Kg4
Ng6 47.Kg5 Ne7 48.Ne5 Ke8 1/2-1/2

[Event "XX Festival Conca della Presolana A"]
[Site "Bratto - Castione della Presolana ITA"]
[Date "2000.08.26"]
[Round "2"]
[White "Bonomi, Maurizio"]
[Black "De Barberis, Massimo"]
[Result "1/2-1/2"]
[WhiteElo "2234"]
[BlackElo "2103"]
[PlyCount "22"]
[EventDate "2000.08.25"]

1.Nf3 Nf6 2.g3 b5 3.Bg2 Bb7 4.O-O e6 5.d3 c5 6.e4 d5 7.e5 Nfd7 8.Re1 Nc6 
9.c3 Be7 10.h4 a5 11.Bf4 Qb6 1/2-1/2

[Event "XX Festival Conca della Presolana A"]
[Site "Bratto - Castione della Presolana ITA"]
[Date "2000.08.26"]
[Round "2"]
[White "Capece, Adolivio"]
[Black "Murgia, Andrea"]
[Result "1-0"]
[WhiteElo "2065"]
[BlackElo "2131"]
[PlyCount "91"]
[EventDate "2000.08.25"]

1.c4 f5 2.Nc3 Nf6 3.Nf3 d6 4.d4 g6 5.g3 Bg7 6.Bg2 c6 7.Bg5 Nbd7 8.O-O O-O 
9.Qc2 h6 10.Bd2 Nb6 11.b3 Qe8 12.Bc1 Qf7 13.Ba3 Rd8 14.Rad1 a5 15.Nd2 a4 
16.Nxa4 Nxa4 17.bxa4 g5 18.Rb1 f4 19.d5 cxd5 20.c5 Qh5 21.cxd6 exd6 22.Qc7
Rd7 23.Qc2 Re7 24.Nf3 Ne4 25.Qd3 Be6 26.Nd4 Bxd4 27.Qxd4 Qxe2 28.Bb2 Qa6 
29.Qh8+ Kf7 30.Qh7+ Ke8 31.Qxh6 f3 32.Bh1 Nd2 33.Bf6 Nxb1 34.Bxe7 Nd2 35.
Re1 Kxe7 36.Qxe6+ Kd8 37.Qe7+ Kc8 38.Rc1+ Nc4 39.Qf8+ Kd7 40.Qf7+ Kd8 41.
Bxf3 Na5 42.Qf6+ Kd7 43.Qf5+ Kd8 44.Qxg5+ Kd7 45.Qg7+ Ke6 46.Bg2 1-0

[Event "XX Festival Conca della Presolana A"]
[Site "Bratto - Castione della Presolana ITA"]
[Date "2000.08.26"]
[Round "2"]
[White "Cazzaniga, Walter"]
[Black "Rossi, Giampiero"]
[Result "1-0"]
[WhiteElo "2170"]
[BlackElo "2101"]
[PlyCount "61"]
[EventDate "2000.08.25"]

1.d4 d5 2.c4 e6 3.Nc3 c6 4.Nf3 Nf6 5.Bg5 Nbd7 6.cxd5 exd5 7.e3 Be7 8.Bd3 
Ne4 9.Bxe7 Qxe7 10.Qc2 Ndf6 11.O-O O-O 12.Bxe4 Nxe4 13.Nxe4 dxe4 14.Nd2 
Bf5 15.Rab1 Rfe8 16.b4 a6 17.a4 Bd7 18.Rfc1 Rad8 19.Qc5 g6 20.Nc4 Be6 21.
Na5 Rd7 22.b5 axb5 23.axb5 Qxc5 24.Rxc5 cxb5 25.Rcxb5 Bd5 26.Nxb7 Bxb7 27.
Rxb7 Rxb7 28.Rxb7 Ra8 29.g4 Kf8 30.Kg2 Ra2 31.Rb5 1-0

[Event "XX Festival Conca della Presolana A"]
[Site "Bratto - Castione della Presolana ITA"]
[Date "2000.08.26"]
[Round "2"]
[White "Cebalo, Miso"]
[Black "Marta, Daniele"]
[Result "1-0"]
[WhiteElo "2520"]
[BlackElo "1900"]
[PlyCount "65"]
[EventDate "2000.08.25"]

1.d4 Nf6 2.c4 d6 3.Nf3 g6 4.Nc3 Bg7 5.e4 O-O 6.Be2 e5 7.O-O Nc6 8.Be3 Ng4 
9.Bg5 f6 10.Bc1 Nh6 11.dxe5 Nxe5 12.Nd4 f5 13.exf5 Nxf5 14.Nxf5 Rxf5 15.f4
Nc6 16.Be3 Kh8 17.Qd2 Rf7 18.Nd5 Bf5 19.Bf3 Qd7 20.Rae1 Re8 21.Bf2 Rff8 
22.h3 h5 23.b4 b6 24.a3 Re6 25.Rxe6 Bxe6 26.Re1 Bxd5 27.Qxd5 Nd8 28.Be4 
Qe6 29.Qg5 Qf6 30.Bxg6 Qxf4 31.Qxh5+ Qh6 32.Qxh6+ Bxh6 33.Re7 1-0

[Event "XX Festival Conca della Presolana A"]
[Site "Bratto - Castione della Presolana ITA"]
[Date "2000.08.26"]
[Round "2"]
[White "Cetro, Carlo"]
[Black "Ranieri, Fabrizio"]
[Result "0-1"]
[WhiteElo "2050"]
[BlackElo "2165"]
[PlyCount "73"]
[EventDate "2000.08.25"]

1.c4 e6 2.Nc3 d5 3.d4 Nf6 4.Nf3 c6 5.cxd5 exd5 6.Bg5 Be7 7.e3 O-O 8.Bd3 
Nbd7 9.O-O Re8 10.Rb1 Nf8 11.b4 a6 12.h3 Ng6 13.Qc2 Bd6 14.a4 h6 15.Bxf6 
Qxf6 16.e4 Nh4 17.Nxh4 Qxh4 18.e5 Bc7 19.f4 Bd7 20.Ne2 Bb6 21.Rbd1 f6 22.
a5 Ba7 23.Kh2 fxe5 24.dxe5 Re7 25.Ng3 Be3 26.Ne2 Rf8 27.e6 Bxe6 28.f5 Bd7 
29.g4 Ba7 30.Nf4 Re3 31.Qd2 Rfe8 32.f6 Bb8 33.f7+ Kxf7 34.Bg6+ Kg8 35.Bxe8
Rxh3+ 36.Kg1 Ba7+ 37.Rf2 0-1

[Event "XX Festival Conca della Presolana A"]
[Site "Bratto - Castione della Presolana ITA"]
[Date "2000.08.26"]
[Round "2"]
[White "Cocchi, Andrea"]
[Black "Galli, Fabio"]
[Result "1-0"]
[WhiteElo "2261"]
[BlackElo "2107"]
[PlyCount "51"]
[EventDate "2000.08.25"]

1.Nf3 d5 2.b3 c5 3.e3 Nc6 4.Bb2 Bg4 5.Be2 e6 6.O-O Nf6 7.c4 Bd6 8.cxd5 
Nxd5 9.Na3 h5 10.Nc4 Bc7 11.Nfe5 Bxe2 12.Qxe2 Nxe5 13.Nxe5 a6 14.Rac1 f6 
15.Nd3 Qd6 16.f4 b6 17.e4 Ne7 18.e5 Qd5 19.exf6 gxf6 20.Bxf6 Rg8 21.Ne5 
Bxe5 22.fxe5 Kd7 23.Rf2 Ng6 24.d4 cxd4 25.Qxh5 Qxg2+ 26.Rxg2 1-0

[Event "XX Festival Conca della Presolana A"]
[Site "Bratto - Castione della Presolana ITA"]
[Date "2000.08.26"]
[Round "2"]
[White "Davies, Nigel R."]
[Black "Voltolini, Giuseppe"]
[Result "1-0"]
[WhiteElo "2486"]
[BlackElo "2279"]
[PlyCount "77"]
[EventDate "2000.08.25"]

1.c4 Nf6 2.d4 g6 3.Nf3 Bg7 4.g3 d6 5.Bg2 O-O 6.O-O c5 7.b3 Nc6 8.Bb2 Bg4 
9.d5 Bxf3 10.exf3 Nd4 11.Nd2 Rb8 12.f4 Nd7 13.h4 b5 14.h5 a6 15.Re1 Re8 
16.Rb1 Qa5 17.hxg6 hxg6 18.Bxd4 Bxd4 19.f5 Qxa2 20.fxg6 fxg6 21.Re2 Qa5 
22.Be4 Kg7 23.Kg2 Bf6 24.Bc2 Qc7 25.Ne4 Rf8 26.Qd2 Rh8 27.Rbe1 Rbe8 28.
Nxf6 Nxf6 29.Re6 Kf7 30.Qg5 Rhg8 31.R1e4 Nxe4 32.Bxe4 Rg7 33.Bxg6+ Kg8 34.
Bh7+ Kf8 35.Qf4+ Rf7 36.Qh6+ Rg7 37.Bg6 Rc8 38.Qh8+ Rg8 39.Rf6+ 1-0

[Event "XX Festival Conca della Presolana A"]
[Site "Bratto - Castione della Presolana ITA"]
[Date "2000.08.26"]
[Round "2"]
[White "Dervishi, Erald"]
[Black "Trabert, Bettina"]
[Result "1-0"]
[WhiteElo "2478"]
[BlackElo "2259"]
[PlyCount "209"]
[EventDate "2000.08.25"]

1.e4 e5 2.Nf3 Nc6 3.Bb5 a6 4.Ba4 Nf6 5.O-O Be7 6.Re1 b5 7.Bb3 d6 8.c3 O-O 
9.h3 Nb8 10.d4 Nbd7 11.Nbd2 Bb7 12.Bc2 Re8 13.a4 Bf8 14.Bd3 c6 15.b4 g6 
16.Qb3 Nb6 17.a5 Nbd7 18.Bb2 Rb8 19.dxe5 Nxe5 20.Nxe5 dxe5 21.Qc2 Nh5 22.
Bf1 Bc8 23.Nb3 Nf4 24.Bc1 Ne6 25.Be3 c5 26.bxc5 Qc7 27.c4 b4 28.c6 Qxc6 
29.c5 Nc7 30.Bc4 Be6 31.Red1 Red8 32.Bg5 Rxd1+ 33.Rxd1 Bxc4 34.Qxc4 Kg7 
35.Rd8 Rxd8 36.Bxd8 Qb5 37.Qc2 Qc6 38.Bxc7 Qxc7 39.Qc4 Qb7 40.Kf1 Be7 41.
Ke2 Kf8 42.c6 Qc8 43.Qd5 Ke8 44.Nc5 Bxc5 45.Qxc5 Qc7 46.Qxb4 Qxc6 47.Qb8+ 
Kd7 48.Qxe5 Qc2+ 49.Ke3 Qc1+ 50.Kf3 Qd1+ 51.Kg3 Qd3+ 52.f3 h5 53.Kh4 Qe2 
54.Kg3 Qe1+ 55.Kh2 h4 56.Qg5 Ke8 57.f4 Kf8 58.Qg4 Ke7 59.e5 Kf8 60.e6 Qxe6
61.Qxh4 Qe4 62.Qf6 Qd3 63.h4 Qe2 64.Qe5 Qd1 65.f5 Qh5 66.Qd6+ Kg7 67.Qd4+ 
Kh7 68.fxg6+ fxg6 69.Qd7+ Kg8 70.Qd8+ Kf7 71.Qc7+ Kg8 72.Kg3 Qb5 73.Qc3 
Kh7 74.Qd2 Qe5+ 75.Kh3 Qf5+ 76.Kh2 Qe5+ 77.g3 Qb5 78.Qe1 Kg7 79.Qc3+ Kh7 
80.Kg1 Qe2 81.Qc7+ Kg8 82.Qb8+ Kg7 83.Qa7+ Kg8 84.Qa8+ Kg7 85.Qd5 Kh6 86.
Qc5 Kg7 87.Qa7+ Kg8 88.Qf2 Qe5 89.Qa2+ Kg7 90.Kh2 Qb5 91.Qd2 Kh7 92.g4 
Qe5+ 93.Kh3 Qb5 94.Qc3 Qf1+ 95.Kg3 Qg1+ 96.Kf4 Qf1+ 97.Kg5 Qb5+ 98.Kf6 
Qf1+ 99.Ke7 Kg8 100.Qb3+ Kg7 101.Qb2+ Kh7 102.Qe5 Qc4 103.g5 Qxh4 104.Kf8 
Qf2+ 105.Qf6 1-0

[Event "XX Festival Conca della Presolana A"]
[Site "Bratto - Castione della Presolana ITA"]
[Date "2000.08.26"]
[Round "2"]
[White "Epishin, Vladimir V."]
[Black "Vancini, Edoardo"]
[Result "1-0"]
[WhiteElo "2567"]
[BlackElo "2301"]
[PlyCount "63"]
[EventDate "2000.08.25"]

1.d4 Nf6 2.c4 c5 3.d5 a6 4.Nf3 e6 5.Nc3 b5 6.Bg5 h6 7.Bxf6 Qxf6 8.g3 Bb7 
9.Bg2 g6 10.O-O Bg7 11.e4 O-O 12.e5 Qe7 13.Re1 bxc4 14.Nd2 exd5 15.Nxd5 
Bxd5 16.Bxd5 Nc6 17.Nxc4 Nd4 18.Bxa8 Rxa8 19.b4 Qe6 20.Rc1 Bf8 21.bxc5 
Bxc5 22.Nd6 Bb6 23.Nc8 Rxc8 24.Rxc8+ Kg7 25.Re4 Qd5 26.Qd3 Qxa2 27.Rxd4 
Qa1+ 28.Kg2 Bxd4 29.Rc7 Qb2 30.Qf3 Bxe5 31.Rxd7 Bf6 32.Qd5 1-0

[Event "XX Festival Conca della Presolana A"]
[Site "Bratto - Castione della Presolana ITA"]
[Date "2000.08.26"]
[Round "2"]
[White "Everet, Alexandro"]
[Black "Pirola, Andrea"]
[Result "1-0"]
[WhiteElo "2348"]
[BlackElo "1909"]
[PlyCount "105"]
[EventDate "2000.08.25"]

1.Nf3 f5 2.b3 Nf6 3.Bb2 g6 4.Nc3 d5 5.d4 Bg7 6.e3 O-O 7.Bd3 b6 8.Ne5 Ba6 
9.b4 Bxd3 10.cxd3 Qd6 11.Qb3 a6 12.O-O c6 13.Na4 b5 14.Nc5 Ng4 15.Qc3 e6 
16.h3 Nxe5 17.dxe5 Qe7 18.f4 h6 19.Nb3 g5 20.Qd2 Kh7 21.Rac1 gxf4 22.exf4 
Rg8 23.Bd4 Bf8 24.Bc5 Qg7 25.Bxf8 Qxf8 26.Nd4 Qe8 27.Rc2 Ra7 28.Rfc1 Rag7 
29.Nxc6 Nxc6 30.Rxc6 Qh5 31.Rc7 Qxh3 32.Rxg7+ Rxg7 33.Rc6 Rg3 34.Qf2 Rg7 
35.Rxe6 Qxd3 36.Qh4 Qd1+ 37.Kh2 h5 38.Rxa6 d4 39.e6 Qg4 40.Qxg4 hxg4 41.
Rd6 Kg6 42.e7+ Kf7 43.Rxd4 Kxe7 44.Rd5 Ke6 45.Re5+ Kf6 46.Rxb5 g3+ 47.Kh3 
Rg4 48.a4 Rxf4 49.Kxg3 Kg5 50.a5 Rg4+ 51.Kf2 Rf4+ 52.Ke3 Re4+ 53.Kd3 1-0

[Event "XX Festival Conca della Presolana A"]
[Site "Bratto - Castione della Presolana ITA"]
[Date "2000.08.26"]
[Round "2"]
[White "Gorelli Fagiolini, Marco"]
[Black "Vita, Fabrizio"]
[Result "1-0"]
[WhiteElo "2203"]
[BlackElo "2102"]
[PlyCount "73"]
[EventDate "2000.08.25"]

1.e4 c5 2.Nf3 d6 3.d4 cxd4 4.Nxd4 Nf6 5.Nc3 g6 6.Be2 Bg7 7.O-O O-O 8.Kh1 
Nc6 9.Nb3 a5 10.a4 Be6 11.Bg5 Qc8 12.f4 Rd8 13.Bxf6 Bxf6 14.Nd5 Bxd5 15.
exd5 Nb4 16.c3 Na6 17.Nxa5 Nc5 18.Nc4 Qf5 19.Ra3 e6 20.dxe6 Qxe6 21.Nb6 
Rab8 22.Nd5 Bg7 23.Bf3 h5 24.Re1 Qd7 25.b4 Ne6 26.Ra2 Re8 27.Rae2 Nf8 28.
Re7 Rxe7 29.Rxe7 Qd8 30.Re3 Ne6 31.g3 h4 32.Rd3 hxg3 33.hxg3 Nc7 34.Nb6 
Nb5 35.Nd5 Na3 36.Qb3 Qd7 37.Kg2 1-0

[Event "XX Festival Conca della Presolana A"]
[Site "Bratto - Castione della Presolana ITA"]
[Date "2000.08.26"]
[Round "2"]
[White "Guido, Flavio"]
[Black "Romanishin, Oleg M."]
[Result "1-0"]
[WhiteElo "2303"]
[BlackElo "2591"]
[PlyCount "80"]
[EventDate "2000.08.25"]

1.e4 c5 2.c3 Qa5 3.Nf3 e6 4.d4 cxd4 5.Nxd4 a6 6.Bd3 Nf6 7.O-O Be7 8.Re1 d6
9.c4 Nbd7 10.Nc3 Ne5 11.Bf1 Bd7 12.f4 Ng6 13.Kh1 h5 14.h3 h4 15.Nb3 Qc7 
16.Be2 O-O 17.a4 b6 18.Be3 Bc6 19.Bf3 Bb7 20.a5 Nd7 21.Be2 Rab8 22.axb6 
Nxb6 23.Qd4 Nd7 24.Red1 Ba8 25.Nc1 Nc5 26.Bf3 Rfd8 27.Qd2 Bf6 28.Qc2 Rdc8 
29.Ra3 Be7 30.N1e2 Rb4 31.Na2 Rbb8 32.b4 Nd7 33.Rxa6 Qxc4 34.Qxc4 Rxc4 35.
Ra7 Ngf8 36.Rd4 Rcc8 37.Rd2 Nb6 38.Rxe7 Nc4 39.Rd3 Bc6 40.Ra7 Bb5 $139 1-0

[Event "XX Festival Conca della Presolana A"]
[Site "Bratto - Castione della Presolana ITA"]
[Date "2000.08.26"]
[Round "2"]
[White "Lapiccirella, Mattia"]
[Black "Lapiccirella, Daniele"]
[Result "1/2-1/2"]
[WhiteElo "2144"]
[BlackElo "2084"]
[PlyCount "31"]
[EventDate "2000.08.25"]

1.Nf3 d5 2.g3 Nf6 3.Bg2 c6 4.O-O Bg4 5.d3 Nbd7 6.h3 Bxf3 7.Bxf3 e5 8.c4 
Bd6 9.cxd5 cxd5 10.Nc3 Nb6 11.Qb3 Be7 12.Bg5 d4 13.Bxf6 gxf6 14.Nd5 Rb8 
15.e3 dxe3 16.Nxe3 1/2-1/2

[Event "XX Festival Conca della Presolana A"]
[Site "Bratto - Castione della Presolana ITA"]
[Date "2000.08.26"]
[Round "2"]
[White "Lovati, Paolo"]
[Black "Alberton, Roberto"]
[Result "1-0"]
[WhiteElo "2084"]
[BlackElo "2147"]
[PlyCount "73"]
[EventDate "2000.08.25"]

1.g3 g6 2.c4 c5 3.Nc3 Bg7 4.Bg2 Nc6 5.d3 d6 6.Nf3 e5 7.Bg5 f6 8.Bd2 Nge7 
9.Qc1 h6 10.h4 Be6 11.a3 Rc8 12.O-O Nd4 13.Qd1 O-O 14.Nxd4 cxd4 15.Na4 d5 
16.c5 Qd7 17.b4 f5 18.e3 e4 19.Rb1 dxe3 20.Bxe3 Kh7 21.Bf4 Nc6 22.b5 Nd4 
23.c6 bxc6 24.b6 axb6 25.Nxb6 Qa7 26.Nxc8 Rxc8 27.Rb4 c5 28.Ra4 Qd7 29.Ra6
Qb7 30.Qa4 Ne2+ 31.Kh1 Nxf4 32.gxf4 Qe7 33.Kg1 c4 34.dxc4 Rxc4 35.Qa5 d4 
36.Ra7 Qxh4 37.Qe5 1-0

[Event "XX Festival Conca della Presolana A"]
[Site "Bratto - Castione della Presolana ITA"]
[Date "2000.08.26"]
[Round "2"]
[White "Mantovani, Renzo"]
[Black "Oppici, Gabriele"]
[Result "1-0"]
[WhiteElo "2410"]
[BlackElo "2040"]
[PlyCount "103"]
[EventDate "2000.08.25"]

1.e4 Nc6 2.Nf3 d6 3.d4 Nf6 4.Bd3 Bg4 5.c3 e6 6.O-O Be7 7.Nbd2 O-O 8.Re1 e5
9.h3 Bh5 10.d5 Nb8 11.Nf1 c6 12.c4 Na6 13.Bc2 cxd5 14.cxd5 Rc8 15.Ng3 Bxf3
16.gxf3 Ne8 17.Ba4 Bg5 18.Be3 Bxe3 19.Rxe3 Qg5 20.Bxe8 Rfxe8 21.Rc1 h5 22.
Kf1 g6 23.Rec3 Rxc3 24.Rxc3 Qh4 25.Kg2 Qg5 26.Qc1 Qxc1 27.Rxc1 Kf8 28.Ne2 
Ke7 29.f4 exf4 30.Nxf4 Kd7 31.f3 Rh8 32.Kg3 Rc8 33.Rxc8 Kxc8 34.Kh4 Kd7 
35.Kg5 Ke7 36.Nd3 Nc7 37.f4 Ne8 38.f5 gxf5 39.Kxf5 Nf6 40.Nf4 b5 41.b4 a6 
42.Nd3 Nd7 43.Kg5 h4 44.Kxh4 Kf6 45.Kg4 Kg6 46.Kf4 Nb6 47.e5 Nxd5+ 48.Ke4 
Nc3+ 49.Kd4 Nxa2 50.exd6 Kf6 51.Kd5 Nc3+ 52.Kc6 1-0

[Event "XX Festival Conca della Presolana A"]
[Site "Bratto - Castione della Presolana ITA"]
[Date "2000.08.26"]
[Round "2"]
[White "Manzoni, Alessandro"]
[Black "Solinas, Carlo"]
[Result "1-0"]
[WhiteElo "2115"]
[BlackElo "2058"]
[PlyCount "43"]
[EventDate "2000.08.25"]

1.e4 e5 2.Nf3 Nc6 3.Bc4 Nf6 4.d3 Be7 5.Nc3 O-O 6.O-O d6 7.a3 Kh8 8.Ng5 Qe8
9.h3 h6 10.Nf3 Ng8 11.g4 h5 12.Kg2 hxg4 13.hxg4 Bxg4 14.Rh1+ Nh6 15.Bxh6 
gxh6 16.Qd2 h5 17.Qh6+ Kg8 18.Qg6+ Kh8 19.Qxg4 h4 20.Rxh4+ Bxh4 21.Qxh4+ 
Kg7 22.Qg5+ 1-0